[Event "TUR-chT Clubs"]
[Site "Konya"]
[Date "2019.07.18"]
[Round "4.17"]
[White "Acar, Selen"]
[Black "Korkmaz, Fatma"]
[Result "1-0"]
[WhiteElo "1283"]
[BlackElo "1139"]
[PlyCount "179"]
[EventDate "2019.07.16"]
[EventType "team-swiss"]
[EventRounds "9"]
[EventCountry "TUR"]
[SourceTitle "CBM 191 Extra"]
[Source "ChessBase"]
[SourceDate "2019.09.30"]
[SourceVersion "1"]
[SourceVersionDate "2019.09.30"]
[SourceQuality "1"]
[WhiteTeam "Nazilli Belediyesi"]
[BlackTeam "Hartlap Koyu Ali Dogan"]
[WhiteTeamCountry "TUR"]
[BlackTeamCountry "TUR"]

1. d4 d5 2. c4 Nc6 3. Nf3 Nf6 4. Nc3 Bg4 5. e3 e6 6. Be2 Bb4 7. Bd2 Ne4 8. cxd5 Bxc3 9. bxc3 Qxd5 10. c4 Qf5 11. h3 Bxf3 12. Bxf3 Nxd2 13. Qxd2 0-0 14. 0-0 e5 15. d5 Rad8 16. Qc3 Ne7 17. Qb3 e4 18. Bg4 Qe5 19. Qxb7 f5 20. Be2 Ra8 21. Qa6 Nc8 22. c5 h6 23. Bc4 Kh7 24. Rab1 f4 25. exf4 Qxf4 26. Bb5 Rb8 27. Qe6 Rf6 28. Qg4 Qe5 29. Bc4 Rxb1 30. Rxb1 Ne7 31. Re1 Rf4 32. Qe2 Nxd5 33. g3 Nc3 34. Qd2 Rf8 35. Re3 Na4 36. c6 Nc5 37. f4 Qa1+ 38. Kg2 Qf6 39. Qa5 Qxc6 40. Qxa7 Rd8 41. Qa5 Rd4 42. Qc3 Qd6 43. Be2 Rd2 44. a3 Ra2 45. Kf1 Rd2 46. Ke1 Rd4 47. Kf2 Na4 48. Qc2 Nc5 49. Kf1 c6 50. Kf2 Rd2 51. Qc3 Nd3+ 52. Kf1 Nc5 53. Qe5 Qd5 54. Ke1 Rc2 55. Kf1 Rc1+ 56. Kf2 Nd3+ 57. Bxd3 exd3 58. Qxd5 cxd5 59. Rxd3 Rc5 60. Kf3 Kg6 61. Ke3 Kf5 62. g4+ Ke6 63. Kf3 g6 64. h4 Rc1 65. f5+ gxf5 66. gxf5+ Ke5 67. Ke2 Rc5 68. Rf3 Kf6 69. Kd3 Ra5 70. Kc2 d4 71. Kb3 Rd5 72. Kc2 Rc5+ 73. Kd3 Rd5 74. Kc4 Rd7 75. a4 Ke5 76. f6 Rc7+ 77. Kd3 Rf7 78. a5 Kd5 79. Rf5+ Kc6 80. Kxd4 Kb7 81. Ke5 Kc6 82. Ke6 Rf8 83. Ke7 Ra8 84. f7 Ra7+ 85. Ke6 Ra6 86. f8Q Kc7+ 87. Ke7 Ra8 88. Rc5+ Kb7 89. Qf3+ Kb8 90. Qb3+ 1-0

[Event "TUR-chT 2nd League"]
[Site "Konya"]
[Date "2017.07.17"]
[Round "1.13"]
[White "Gemrekoglu, Nadin"]
[Black "Acar, Selen"]
[Result "1-0"]
[WhiteElo "1644"]
[BlackElo "1392"]
[PlyCount "99"]
[EventDate "2017.07.17"]
[EventType "team-swiss"]
[EventRounds "9"]
[EventCountry "TUR"]
[SourceTitle "CBM 179 Extra"]
[Source "ChessBase"]
[SourceDate "2017.08.23"]
[SourceVersion "1"]
[SourceVersionDate "2017.08.23"]
[SourceQuality "1"]
[WhiteTeam "Istanbul Sisli"]
[BlackTeam "Ayidin Nazilli Belediyesi"]
[WhiteTeamCountry "TUR"]
[BlackTeamCountry "TUR"]

1. e4 c5 2. d4 cxd4 3. c3 dxc3 4. Nxc3 Nc6 5. Nf3 d6 6. Bc4 Nf6 7. 0-0 h6 8. Bf4 e5 9. Be3 Be7 10. Qe2 0-0 11. Rfd1 a6 12. Rac1 Be6 13. Bxe6 fxe6 14. Na4 Qa5 15. b3 Nd7 16. Nd2 b5 17. Rxc6 bxa4 18. bxa4 Qxa4 19. Rc7 Bd8 20. Rb7 Rb8 21. Rxb8 Nxb8 22. Nb3 Bc7 23. Qc2 Rf7 24. Rc1 d5 25. exd5 exd5 26. Ba7 Qe8 27. Qc5 d4 28. Qc4 a5 29. Qd5 Qf8 30. Rxc7 Na6 31. Rxf7 Qxf7 32. Qxf7+ Kxf7 33. Nxa5 d3 34. Nc4 e4 35. a3 Ke6 36. Kf1 g5 37. Ke1 Nc7 38. a4 Kd5 39. Ne3+ Kc6 40. Kd2 Ne6 41. a5 Nc5 42. Bxc5 Kxc5 43. a6 Kb6 44. a7 Kxa7 45. Nf5 h5 46. Nd6 Kb6 47. Nxe4 g4 48. Kxd3 Kc6 49. Ke3 Kd5 50. Nf6+ 1-0